<?xml version="1.0" encoding="UTF-8"?>
<record
    xmlns:xsi="http://www.w3.org/2001/XMLSchema-instance"
    xsi:schemaLocation="http://www.loc.gov/MARC21/slim http://www.loc.gov/standards/marcxml/schema/MARC21slim.xsd"
    xmlns="http://www.loc.gov/MARC21/slim">

  <leader>01991nas a2200277Ia 4500</leader>
  <controlfield tag="001">R050-S3163</controlfield>
  <controlfield tag="003">IT-CnALBA</controlfield>
  <controlfield tag="008">170116c99999999xx ||||||||||||   ||und||</controlfield>
  <datafield tag="040" ind1=" " ind2=" ">
    <subfield code="a">IT-CnALBA</subfield>
    <subfield code="c">IT-CnALBA</subfield>
  </datafield>
  <datafield tag="041" ind1=" " ind2=" ">
    <subfield code="a">ITALIANO</subfield>
  </datafield>
  <datafield tag="100" ind1=" " ind2=" ">
    <subfield code="a">DAMU PIETRO</subfield>
  </datafield>
  <datafield tag="210" ind1=" " ind2=" ">
    <subfield code="a">CATECHESI</subfield>
  </datafield>
  <datafield tag="222" ind1=" " ind2=" ">
    <subfield code="a">CATECHESI</subfield>
  </datafield>
  <datafield tag="245" ind1=" " ind2="0">
    <subfield code="a">CATECHESI. GENNAIO FEBBRAIO 1998. PER ADOLESCENTI GIOVANI E ADULTI. </subfield>
  </datafield>
  <datafield tag="250" ind1=" " ind2=" ">
    <subfield code="a">1a ed.</subfield>
  </datafield>
  <datafield tag="260" ind1=" " ind2=" ">
    <subfield code="a">TORINO</subfield>
    <subfield code="b">ELLE DI CI - LEUMANN </subfield>
    <subfield code="c">1998 [1&#xB0; Ed.:1998 - Ed.Ling.Originale: 1998]</subfield>
  </datafield>
  <datafield tag="300" ind1=" " ind2=" ">
    <subfield code="a">80 p. </subfield>
  </datafield>
  <datafield tag="310" ind1=" " ind2=" ">
    <subfield code="a">BIMESTRALE</subfield>
  </datafield>
  <datafield tag="362" ind1=" " ind2=" ">
    <subfield code="a">Fascicolo: 1 / Anno: 68 (1998)</subfield>
  </datafield>
  <datafield tag="500" ind1=" " ind2=" ">
    <subfield code="a">PRESENTAZIONE DEL FASCICOLO. CATECHESI SULLO SPIRITO SANTO. IL SACRAMENTO DELLA CONFERMAZIONE. INCONTRO DEI GIOVANI A PARIGI. XII GIORNATA MONDIALE GIOVENT&#xD9; 1997. TARICCO L. IL MISTERO DELLO SPIRITO SANTO. MORANTE G. INIZIAZIONE DISABILI AI SACRAMENTI. COSTI G. RICONCILIAZIONE DAL PECCATO NEL CATECHISMO DEI GIOVANI. FONTANA A. SCHEDE BIBLICHE, CATECHESI E ITINERARI CATECUMENALI. BISSOLI C. PACE E GIUSTIZIA IN PROSPETTIVA ECUMENICA, INCONTRO ITALO TEDESCOPAGAZZI ST. CATECHESI IN FAMIGLIA. MARIA NELLA PIET&#xC0; E NELL'ICONOGRAFIA SECOLI XII XVI. LIBRI. SEGNALAZIONI. NOVITA ELLE DI CI. </subfield>
  </datafield>
  <datafield tag="501" ind1=" " ind2=" ">
    <subfield code="a">Societ&#xE0; San Paolo EM - Piazza San Paolo, 14 - 12051 ALBA (CN)  (non commercial uses only) &#xAE; Copyright 2017</subfield>
  </datafield>
  <datafield tag="520" ind1=" " ind2=" ">
    <subfield code="a">PRESENTAZIONE DEL FASCICOLO. CATECHESI SULLO SPIRITO SANTO. IL SACRAMENTO DELLA CONFERMAZIONE. INCONTRO DEI GIOVANI A PARIGI. XII GIORNATA MONDIALE GIOVENT&#xD9; 1997. TARICCO L. IL MISTERO DELLO SPIRITO SANTO. MORANTE G. INIZIAZIONE DISABILI AI SACRAMENTI. COSTI G. RICONCILIAZIONE DAL PECCATO NEL CATECHISMO DEI GIOVANI. FONTANA A. SCHEDE BIBLICHE, CATECHESI E ITINERARI CATECUMENALI. BISSOLI C. PACE E GIUSTIZIA IN PROSPETTIVA ECUMENICA, INCONTRO ITALO TEDESCOPAGAZZI ST. CATECHESI IN FAMIGLIA. MARIA NELLA PIET&#xC0; E NELL'ICONOGRAFIA SECOLI XII XVI. LIBRI. SEGNALAZIONI. NOVITA ELLE DI CI. </subfield>
  </datafield>
  <datafield tag="650" ind1=" " ind2=" ">
    <subfield code="a">CATECHESI</subfield>
  </datafield>
  <datafield tag="942" ind1=" " ind2=" ">
    <subfield code="c">CR</subfield>
  </datafield>
  <datafield tag="957" ind1=" " ind2=" ">
    <subfield code="7">1</subfield>
  </datafield>
  <datafield tag="999" ind1=" " ind2=" ">
    <subfield code="a">65053</subfield>
    <subfield code="b">NO</subfield>
    <subfield code="g">1</subfield>
    <subfield code="c">331749</subfield>
    <subfield code="d">331749</subfield>
  </datafield>
  <datafield tag="952" ind1=" " ind2=" ">
    <subfield code="0">0</subfield>
    <subfield code="1">0</subfield>
    <subfield code="4">0</subfield>
    <subfield code="6">R_050S3163</subfield>
    <subfield code="7">1</subfield>
    <subfield code="a">ALBA</subfield>
    <subfield code="b">ALBA</subfield>
    <subfield code="d">2017-01-16</subfield>
    <subfield code="l">0</subfield>
    <subfield code="o">R050-S3163</subfield>
    <subfield code="r">2017-01-16 00:00:00</subfield>
    <subfield code="w">2017-01-16</subfield>
    <subfield code="y">CR</subfield>
    <subfield code="z">(data import: 16 gennaio 2017) - By Epidotti, Vaglietti. </subfield>
  </datafield>
</record>
